000 00683pam a2200229 a 4500
001 2997946
005 20180813034753.0
008 930825s1994 nyua b 001 0 eng c
010 _a 93036387
020 _a0443089442
040 _aDNLM/DLC
_cDLC
_dDLC
041 _aeng
060 0 0 _aQS 604 L334h 1993 Suppl. 1994
080 _a612.64
082 0 0 _a612.64
_220
100 1 _a11
101 _abio
245 1 0 _aStudy guide for Human embryology /
_cWilliam J. Larsen.
906 _a7
_bcbc
_corignew
_d1
_eocip
_f19
_gy-gencatlg
942 _2ddc
_cBK
999 _c47004
_d47004